000 00747nam a2200217 a 4500
008 120228s2002 ||||||||||||||||| || u
020 _a1903734215
050 _aRB 128 Pea
100 _aDodick, David M
245 1 0 _aHeadaches.-- 2nd ed.
_cRichard Peatfield, David W. Dodick
250 _a2nd ed.
260 _aOxford
_bHealth
_c2002
300 _a103p.: ill.
350 _a0.00
490 _aFast facts: indispensable guides to clinical practice
500 _aBibliography
650 _aMIGRAINE
650 _aHEADACHE
700 _aPeatfield, Richard
995 _aMEDICAL LIBRARY OPEN ACCESS
_e901756
_FCBU-SCHOOL OF MEDICINE LIBRARY (Ndola)
_I0.00
_jRB 128 Pea
_M1
_UAVAILABLE
_WJul 13, 2012
_y901756
_ZMedical Library Open Access Collection
999 _c31650
_d31650